000 00676nam a2200205 a 4500
001 000026352
005 20260417182716.0
008 110314s1997 cu 000 p spa d
020 _a9789592602144
040 _aDO-SdBNP
_bspa
_cBNPHU
082 _aH863.9
_bP745a
245 0 0 _aPoesías de amor hispanoamericanas /
_cSelección y prólogo Mario Benedetti.
260 _aLa Habana :
_bCasa de las Américas,
_c1997.
300 _a307 p. :
_bil. ;
_c20 cm.
650 4 _aPoesía hispanoaméricana
_xColecciones
_9317
650 0 _aLiteratura hispanoamericana
_9318
650 4 _aAutores latinoaméricanos
_943953
700 1 _aBenedetti, Mario,
_bpról.
_953377
049 _aBNPD
999 _c25844
_d25844